Feedback : Essential writing skills for intermediate students

This work covers the essential writing skills for intermediate students.

שמור ב:
מידע ביבליוגרפי
מחבר ראשי: Sherman, Jane
פורמט: ספר
שפה:Undetermined
יצא לאור: OxFord Oxford Univ. Press 2000
נושאים:
תגים: הוספת תג
אין תגיות, היה/י הראשונ/ה לתייג את הרשומה!
Thư viện lưu trữ: Trung tâm Học liệu Trường Đại học Cần Thơ
LEADER 00729nam a2200229Ia 4500
001 CTU_42386
008 210402s9999 xx 000 0 und d
020 |b 76.000đ 
082 |a 428 
082 |b S553 
100 |a Sherman, Jane 
245 0 |a Feedback : 
245 0 |b Essential writing skills for intermediate students 
245 0 |c Jane Sherman 
260 |a OxFord 
260 |b Oxford Univ. Press 
260 |c 2000 
520 |a This work covers the essential writing skills for intermediate students. 
650 |a English language,English language,English language 
650 |x Compositions and exercises,Study and teaching,Writing 
904 |i Minh 
980 |a Trung tâm Học liệu Trường Đại học Cần Thơ